000 00220nam a22000857a 4500
999 _c11736
_d11736
008 200113b ||||| |||| 00| 0 eng d
100 _aWaber Bernard
_97424
245 _aLovable Lyle
260 _aBoston
_bHoughton Mifflin
_c1969